| 000 | 00655nam a22002417a 4500 | ||
|---|---|---|---|
| 003 | UA-OsUOA | ||
| 001 | 87695 | ||
| 007 | ta | ||
| 008 | 20120921b un ||||| |||| 00| 0 ukr d | ||
| 100 | _aСивачев Н. | ||
| 700 | _aЯзыков Е. | ||
| 090 |
_a94(73) _bС34 |
||
| 942 | _cBK | ||
| 040 |
_aUA-OsUOA _brus _cUA-OsUOA _dUA-OsUOA |
||
| 245 | _aНовейшая история США 1917 - 1972 гг. | ||
| 300 | _a333 с. | ||
| 955 | _a2 | ||
| 041 | _arus | ||
| 080 | _a94(73) | ||
| 260 |
_aМ. _bИ-во Московского у-та _c1972 |
||
| 650 | 7 |
_a9 Географія. Біографії. Історія _2UDC |
|
| 999 |
_c373891 _d373891 |
||